Normal view
MARC view
- توراة- صهيونية
Entry Topical Term
001 - CONTROL NUMBER
- control field: 14393
003 - CONTROL NUMBER IDENTIFIER
- control field: JO-AjAnu
005 - DATE AND TIME OF LATEST TRANSACTION
- control field: 20230606072610.0
008 - FIXED-LENGTH DATA ELEMENTS
- fixed length control field: 230606|| aca||aabn | a|a d
040 ## - CATALOGING SOURCE
- Original cataloging agency: JO-AjAnu
- Transcribing agency: JO-AjAnu
150 ## - HEADING--TOPICAL TERM
- Topical term or geographic name entry element: توراة- صهيونية
670 ## - SOURCE DATA FOUND
- Source citation: Work cat.: (JO-AjAnu)7395: كنعان، جورجي, author 14392, وثيقة الصهيونية في العهد القديم